| 000 | 00468nam a22001697a 4500 | ||
|---|---|---|---|
| 999 |
_c160650 _d160650 |
||
| 005 | 20190207124506.0 | ||
| 010 | _aB-217090 | ||
| 020 |
_a818858374X _c550.00 |
||
| 035 | _aB-217090 | ||
| 037 | _bReference Press | ||
| 082 | _a954.36 | ||
| 245 |
_aThe Beautiful India: _bAndaman and Nicobar / _cS.A. Rahman |
||
| 260 |
_aNew Delhi _bReference Press _c2005 |
||
| 300 |
_a245p. _c22cm(hbk) |
||
| 700 | _aRahman, R.A. | ||
| 942 |
_2ddc _cEN _h954.36 _mAND |
||